000 00555nam a22001937a 4500
003 KOHA_MİRAKIL
005 20251112144001.0
008 251112b tu ||||| |||| 00| 0 tur d
020 _a9786257070324
040 _aTR-AnABB
_btur
_cTR-AnABB
041 _atur
082 _a823.912
_bCON 2022
100 1 _aConrad, Joseph,
245 1 0 _aKaranlığın yüreği /
_cJoseph Conrad
260 _aİstanbul :
_bTürkiye İş Bankası Yayınları,
_c2022
300 _a117 sayfa ;
_c22 cm
650 _aİngiliz edebiyatı, roman
942 _2ddc
_cBK
999 _c9369
_d9369
900 _bGizem YORULMAZ